holy terrain Lyrics (FKA twigs ft. Future) - Statistics

General Stats
  • This quiz has been taken 7 times
  • The average score is 371 of 499
Answer Stats
Answer % Correct
a
100%
and
100%
And
100%
are
100%
be
100%
do
100%
Do
100%
for
100%
For
100%
for)
100%
heart
100%
hold
100%
(I
100%
I
100%
I'm
100%
in
100%
in,
100%
is
100%
love
100%
man
100%
me
100%
me,
100%
my
100%
My
100%
(My
100%
on
100%
so
100%
still
100%
the
100%
there
100%
to
100%
when
100%
who
100%
Will
100%
Yeah,
100%
yeah
100%
yeah)
100%
you
100%
you)
100%
your
100%
beautiful,
86%
by
86%
cheek,
86%
close
86%
Day
86%
favorite
86%
his
86%
holy
86%
kiss
86%
Not
86%
of
86%
one,
86%
take
86%
Take
86%
terrain
86%
think
86%
three,
86%
two,
86%
asleep,
71%
asleep)
71%
can
71%
'cause
71%
chains
71%
die,
71%
die
71%
fall
71%
(Fall
71%
follow
71%
fruits
71%
get
71%
hand
71%
it's
71%
Next
71%
obtain?
71%
off
71%
once
71%
Once
71%
pull
71%
Pull
71%
show
71%
taking
71%
up
71%
yours
71%
blue
57%
bound
57%
bountiful
57%
bountiful,
57%
boys
57%
cry,
57%
cry)
57%
cry
57%
dance
57%
days
57%
deep
57%
drug
57%
early
57%
fingers
57%
gon'
57%
just
57%
know
57%
light
57%
like
57%
lost
57%
never
57%
pain
57%
pain)
57%
see
57%
sins,
57%
some
57%
stained
57%
stand
57%
Steal
57%
sweet
57%
thighs
57%
this
57%
true
57%
try,
57%
try
57%
try)
57%
veins?
57%
We
57%
we
57%
with
57%
away
43%
bands
43%
begin,
43%
bitch,
43%
Calling
43%
calling
43%
(Calling
43%
church
43%
feeling
43%
flow
43%
girl
43%
hits
43%
hunnid
43%
Lemme
43%
life
43%
loads
43%
mist
43%
money
43%
moon
43%
name,
43%
name
43%
name)
43%
now
43%
Now
43%
open
43%
pink
43%
Pray
43%
(Pray
43%
pray
43%
pure
43%
rain?
43%
rain
43%
rain)
43%
right
43%
river
43%
skin
43%
snakes
43%
tears
43%
through
43%
Through
43%
thunder,
43%
vain,
43%
apart,
29%
Balmain
29%
coming
29%
complete,
29%
her
29%
hope
29%
Hot
29%
keeps,
29%
keeps)
29%
pay
29%
play
29%
(Play
29%
Throw
29%
together,
29%
until
29%
window
29%
babe
14%
brick
14%
brick,
14%
case
14%
closed
14%
devil
14%
drown
14%
feed
14%
flames?
14%
forever
14%
gold
14%
lady
14%
Made
14%
Makin'
14%
(Oh
14%
Pluto
14%
poison,
14%
Promethazine
14%
Sent
14%
Told
14%
touch
14%
watch
14%
weak,
14%
where
14%
yayo
14%
baby)
0%
deceased,
0%
garden,
0%
gettin'
0%
high
0%
if
0%
make
0%
profecy
0%
sky
0%
stronger
0%
tithes,
0%
Water
0%
No matching quizzes found
Score Distribution
Percent of People with Each Score
Percentile by Number Answered
Your Score History
You have not taken this quiz